MDQL
is popping MORE tags! Check the
thread
!
Quizzes
Events
Quiz Creation
Community
Videos
Private Events
Remove Ads
Sign In
Join for FREE
Feedback
Dark Mode
Quiz Categories
Sports
Geography
Music
Movies
Television
Just For Fun
Miscellaneous
History
Literature
Language
Science
Gaming
Entertainment
Religion
Holiday
For Kids
Quiz Lab
Recent
Popular Today
Quiz Kudos Today
Editor Picks
Curator Picks
Quizzes by...
Day
Popularity
Type
Ratings
Length
Year
Community
Subscriptions
Recent Discussions
Orange Saloon
Badges
Playlists
Quests
Create
Leaderboards
Showdown
Live 5
Trivia Bingo
Activity
Puzzle Library
Sporcle Events
Private Events
Virtual Trivia
Globe League
Become a Host
Pub Owners
SporcleCon
Opinionation
Our Games
Videos
Blog
Mobile Apps
Partnerships
Remove Ads and Go Orange
Feedback
Movies
Disney
Marvel Cinematic Universe
Movie Resume
Movie Titles
Oscar
Actor
Actress
Director
Pixar
Role
Movie Quotes
Movie Characters
Box Office
Nominee
Best Picture
Star Wars
James Bond
Horror Movies
Movies
Disney
Marvel Cinematic Universe
Movie Resume
Movie Titles
Oscar
Actor
Actress
Director
Pixar
Role
Movie Quotes
Movie Characters
Box Office
Nominee
Best Picture
Star Wars
James Bond
Horror Movies
Random Quiz
Search Sporcle
×
Quiz Lab
Quiz Lab
Movies
Disney
Type in answers that appear in a list
Type in answers that appear in a list
Classic
Best Score? Go Orange.
Top 50 Highest Rated Disney Movies (Guide Rankings) Stats
Can you name the Top 50 Highest Rated Disney Movies According to Disney Movies Guide Rankings?
By
disneyfreak27
12m
50 Questions
2,125 Plays
2,125 Plays
2,125 Plays
Comments
Comments
Give Quiz Kudos
Give Quiz Kudos
-
- Ratings
hide this ad
More Info
Replay
Link that replays current quiz
Next Quiz
Link to next quiz in quiz playlist
You Got
0%
They Got
Avg Score
53%
Avg Friend Score
Upgrade to see
Score Distribution
Jump to the score distribution portion of the page
Score
0/50
Timer
12:00
0
Plays Today
Rank
Movie
% Correct
15
Snow White and the Seven Dwarfs
90.6%
1
The Lion King
90.2%
23
Cinderella
89.8%
2
Beauty and the Beast
88.6%
4
Aladdin
86.8%
6
The Little Mermaid
85.5%
26
Sleeping Beauty
83.3%
11
Mulan
80%
5
Toy Story
78%
3
Tangled
73.6%
50
Dumbo
70.7%
29
Fantasia
70%
43
Toy Story 2
69.9%
32
Pinocchio
68.5%
8
Toy Story 3
68.2%
35
Tarzan
67.3%
24
Bambi
67.2%
31
The Jungle Book
66.9%
12
Peter Pan
66.5%
41
The Princess and the Frog
66.2%
34
Hercules
66%
7
Finding Nemo
63.2%
22
101 Dalmatians
62.2%
46
Cars
60.7%
9
Up
58.2%
Rank
Movie
% Correct
18
Lady and the Tramp
58%
33
The Aristocats
57.2%
10
Robin Hood
57.1%
45
The Hunchback of Notre Dame
56.8%
28
Alice in Wonderland
56.6%
14
Monsters, Inc
55.4%
21
The Fox and the Hound
54.2%
30
The Incredibles
52.7%
19
Wall E
49.2%
20
Mary Poppins
48.9%
40
The Sword in the Stone
47.1%
47
Oliver and Company
45.4%
25
Ratatouille
41.9%
37
Basil-The Great Mouse Detective
34.7%
13
Pirates of the Caribbean: The Curse of the Black Pearl
31.1%
16
Song of the South
21.9%
39
Enchanted
19.4%
36
Swiss Family Robinson
7.6%
17
Spirited Away
7.1%
48
Homeward Bound: The Incredible Journey
5.7%
44
Chronicles of Narnia: The Lion, Witch and the Wardrobe
5.1%
38
Remember the Titans
4.7%
49
Miracle
3.4%
27
Tru Confessions
3.3%
42
Davy Crockett, King of the Wild Frontier
2.5%
Quiz Playlist
Details
Report
Send in Message
Add To Playlist
More Info:
Movies are animated AND non-animated. Some of these are HARD. Disney and Pixar movies are included.
Classic:
Type in answers that appear in a list
Last Updated: Feb 16, 2017
Quiz Scoreboard
CHALLENGE
Sign Up to Join the Scoreboard
Show All
Scores
Hide
Comments
May contain spoilers
Recently Published
1-10 Letter E Words III
by El_Dandy
Language
2m
Street Fighter Characters
by Artimus82
Gaming
60s
College Basketball Coaching Resumes
by pancakes188
Sports
9m
More to Explore
Quiz From the Vault
Featured Blog Post
Where Did the Easter Bunny Come From?
hide this ad
You Might Also Like...
Tags
Disney Quiz
Disney Films
Today's Top Quizzes in Movies
Browse Movies
hide this ad
Today's Top Quizzes in Disney
Browse Disney
Top Contributed Quizzes in Movies
1
Pick 5 Posters: Directed by Spielberg
2
7-to-1: Pixar Characters
3
Hidden Star Wars Character II
4
Pick 5 Posters: Lowest-Rated Spielberg
5
Hidden Star Wars Character III
6
Sorting Actors
7
Sorting Actresses
8
Hidden Star Wars Character IV
9
Pick 5 Posters: Directed by Scorsese
10
Hidden Star Wars Character V
Explore More
Trending Topics
Anime
Disney
Marvel
Kpop
NBA
Crossword
Harry Potter
Country
NFL
WWE
Pokémon
Puzzle
The Office
Soccer
Song
hide this ad
More By:
disneyfreak27
Quiz
Plays
Rating
Category
Featured
Created
Last 300 Words of HP and the Deathly Hallows Epilogue
5,233
4.72
Literature
Jul 18, 2011
Top 50 Highest Rated Disney Movies (Guide Rankings)
2,125
3.78
Movies
Jun 20, 2011
Name the Book of Mormon the Musical songs by Lyrics
1,816
4.00
Music
Jun 20, 2011
What does Elder Price believe? (Book of Mormon)
1,189
3.89
Just For Fun
Jun 20, 2011
Episodes of the Glee Project
428
3.67
Television
Jul 18, 2011
Go to Creator's Profile
Score Distribution
Quiz Creator Spotlight
disneyfreak27
Follow
Send a Message
Quizzes Created
-
Created Quiz Play Count
-
More By This Creator
Popular Quizzes Today
1
Find the US States - No Outlines Minefield
2
Find the Countries of Europe - No Outlines Minefield
3
The Countries of the World
4
Find the US States
5
Risky Map Clicking: Biggest States A-Z
6
US States
7
Popular People in 1961
8
Movies - When Are They Set?
More Movies Quizzes
Horror Movie by Dead Face!
Quiz Lab
Trending Quizzes
Risky Map Clicking: Least Populous States A-Z
Billboard Blitz: Aretha Franklin
Famous Russians: Author or Composer?
1-10 Letter G Words
Countries of the World: 200 Million BC
Recently Updated
Leaping Animals
pecheneg
Reality TV Shows (A-Z)
bhenderson79
Rickey Henderson's Hall of Fame Teammates
pecheneg
Champions League XIs: Arsenal
pecheneg
Quick Pick: Celebrities in WWE's Hall of Fame
aduchscher
A-Z Keypad Blitz II
pecheneg
Multiple Oscar Actors
pecheneg
Mystery Phrase Blitz: Oscar 'Best Actors'
pecheneg
F. Scott Fitzgerald Novels
LTH
Pick 3 Villains
ddd62291
Trending Topics
NBA
Disney
Crossword
Marvel
Anime
Kpop
Harry Potter
WWE
Country
Pokémon
The Office
Puzzle
NFL
Soccer
Song
Your Account Isn't Verified!
In order to create a playlist on Sporcle, you need to verify the email address you used during registration. Go to your
Sporcle Settings
to finish the process.
Report this User
Report this user for behavior that violates our
Community Guidelines
.
Details:
Send Report
Go to the Sporcle.com Mobile Site →
Comments